1 Billion streams club : Dua Lipa - Statistics

General Stats
  • This quiz has been taken 22 times
    8 since last reset
  • The average score is 11 of 13
Answer Stats
Album Song Streams % Correct
Future Nostalgia : Moonlight Edition(ft. DaBaby) Levitating 2.5B
100%
Future Nostalgia Levitating 1.2B
100%
Dua Lipa New Rules 2.5B
100%
Single(ft. Calvin Harris) One Kiss 2.7B
100%
Single(ft. Martin Garrix) Scared to Be Lonely 1.5B
100%
Future Nostalgia Break My Heart 1.4B
86%
Future Nostalgia Don't Start Now 3.2B
86%
Dua Lipa IDGAF 1.8B
86%
The Lockdown Sessions(ft. Elton John) Cold Heart 2.7B
71%
Barbie the Album Dance The Night 1.3B
71%
Mad Love the Prequel(ft. Sean Paul) No Lie 1.7B
71%
Future Nostalgia Physical 1.2B
71%
Radical Optimism Houdini 1.0B
57%
No matching quizzes found
Score Distribution
Percent of People with Each Score
Percentile by Number Answered
Your Score History
You have not taken this quiz since the last reset